书目信息 |
| 题名: |
有机分子结构波谱解析
|
|
| 作者: | 朱淮武 编 | |
| 分册: | ||
| 出版信息: | 北京 化学工业出版社 2005 |
|
| 页数: | ||
| 开本: | 29cm | |
| 丛书名: | ||
| 单 册: | ||
| 中图分类: | O656.4 | |
| 科图分类: | ||
| 主题词: | 分析化学 , 分析(化学) | |
| 电子资源: | ||
| ISBN: | 7-5025-7562-6 | |
| 000 | 00548nam0 2200193 450 | |
| 001 | 0754114953 | |
| 005 | 20070929150154.95 | |
| 010 | @a7-5025-7562-6 | |
| 100 | @a20070929d km y0chiy0120 ea | |
| 101 | 0 | @achi |
| 200 | 1 | @a有机分子结构波谱解析@Ayou ji fen zi jie gou bo pu jie xi@f朱淮武 编@Fzhu huai wu bian |
| 210 | @a北京@c化学工业出版社@d2005 | |
| 215 | @c插图@d29cm | |
| 606 | 0 | @a分析化学 |
| 606 | 0 | @a分析(化学) |
| 690 | @aO656.4@v3 | |
| 701 | 0 | @a朱淮武@Azhu huai wu@4编 |
| 801 | 0 | @aCN@bPFT@c20070929 |
| 905 | @a213230@dO656.4@eh137@f1 | |
| 有机分子结构波谱解析/朱淮武 编.-北京:化学工业出版社,2005 |
| 插图;29cm |
| ISBN 7-5025-7562-6: |
| ● |
| 相关链接 |
|
|
|
|
正题名:有机分子结构波谱解析
索取号:O656.4/h137
 
预约/预借
| 序号 | 登录号 | 条形码 | 馆藏地/架位号 | 状态 | 备注 |
| 1 | 6002412 | 260024128 | 密集书库-化学系/ [索取号:O656.4/h137] | 在馆 | |
| 2 | 6002413 | 260024137 | 密集书库-化学系/ [索取号:O656.4/h137] | 在馆 |